Home Print Resources E-Books E-Journals IIMT Lecture Series Library Membership Form Book Recommendation Form Campus Tour Take AdmissionAbout Us Contact Us

PHARMACOVIGILANCE (Record no. 50702)

000 -LEADER
fixed length control field nam a22 7a 4500
003 - CONTROL NUMBER IDENTIFIER
control field OSt
005 - DATE AND TIME OF LATEST TRANSACTION
control field 20210325115020.0
008 - FIXED-LENGTH DATA ELEMENTS--GENERAL INFORMATION
fixed length control field 210325b xxu||||| |||| 00| 0 eng d
040 ## - CATALOGING SOURCE
Transcribing agency IIMT UNIVERSITY MEERUT
100 ## - MAIN ENTRY--PERSONAL NAME
Personal name ARORA PRAGI, VARUN
245 ## - TITLE STATEMENT
Title PHARMACOVIGILANCE
260 ## - PUBLICATION, DISTRIBUTION, ETC.
Name of publisher, distributor, etc. PEE VEE
Date of publication, distribution, etc. 2020
300 ## - PHYSICAL DESCRIPTION
Extent 199
942 ## - ADDED ENTRY ELEMENTS (KOHA)
Source of classification or shelving scheme
Koha item type Text-Book- for 7 days
Holdings
Withdrawn status Lost status Source of classification or shelving scheme Damaged status Not for loan Home library Current library Date acquired Source of acquisition Cost, normal purchase price Inventory number Total Checkouts Barcode Date last seen Price effective from Koha item type
          IIMT University College of Medical Sciences IIMT University College of Medical Sciences 03/25/2021 PUBLISHERS 275.00 GIFTED   02-B-12964 07/20/2024 03/25/2021 Text-Book- for 7 days
IIMT, Central Library. All Rights Reserved IIMT,UNIVERSITY © 2023
Implemented and Customised by I CLOUDE EMS
You Are OPAC Visitor No
free web counter

Powered by Koha